000
00317nam a22001337a 4500
008
170622b xxu||||| |||| 00| 0 eng d
020
_a
9780072867985
041
_a
eng
080
_2
2ND
_a
32
100
_a
21
101
_a
SHP
245
_a
COMPARATIVE POLITICS A GLOBAL INTRODUCTION
_c
SODARO,M.J
942
_2
udc
_c
BK
999
_c
18707
_d
18707